| 000 | 00406nam a2200157 i 4500 | ||
|---|---|---|---|
| 001 | bg | ||
| 100 | 1 | _aTRENTOWSKI, Andrzej | |
| 245 | 0 |
_aKonwersacyjny system informowania / _cAndrzej Trentowski, Tadeusz Kuna, Choroszko. |
|
| 260 |
_aWarszawa, _c1978. |
||
| 700 | 1 | _aKUNA, Tadeusz | |
| 700 | 1 | _aCHOROSZKO, | |
| 040 | _cBPK | ||
| 041 | _apol | ||
| 942 | _cKS | ||
| 008 | s pl f |000 0 pol | ||
| 999 |
_c18437 _d18437 |
||
| 856 |
_uhttp://koha.tu.koszalin.pl/cgi-bin/koha/opac-detail.pl?biblionumber=18437 _yKatalog online BPK |
||